Kỹ thuật đo lường kiểm tra trong chế tạo cơ khí :Sách được dùng làm giáo trình cho sinh viên đại học và cao đẳng kỹ thuật

Gorde:
Xehetasun bibliografikoak
Formatua: Liburua
Hizkuntza:Vietnamese
Argitaratua: Khoa học Kỹ Thuật 2001
Gaiak:
Etiketak: Etiketa erantsi
Etiketarik gabe, Izan zaitez lehena erregistro honi etiketa jartzen!
Thư viện lưu trữ: Mạng thư viện Đại học Đà Nẵng
LEADER 01159nam a2200301 a 4500
001 000001200
003 01838
005 20171229145311.0
008 171229s2001 vie
040 |a LSK 
041 0 |a VIE 
082 0 |a 670.425  |b NG-T 
245 0 0 |a Kỹ thuật đo lường kiểm tra trong chế tạo cơ khí :Sách được dùng làm giáo trình cho sinh viên đại học và cao đẳng kỹ thuật  |c Nguyễn Tiến Thọ, Nguyễn Thị Xuân Bảy, Nguyễn Thị Cẩm Tú 
260 |b Khoa học Kỹ Thuật  |c 2001 
300 |a 180 pages  |c 27 cm. 
653 |a Cơ khí - Kỹ thuật đo lường 
852 |a Phòng Đọc - Phòng Mượn 
901 |a 33 
927 |a Giáo trình 
OWN |a LSK 
AVA |a UDN50  |b LSK  |d 670.425 NG-T  |e check_holdings  |t Error 5003 Not defined in file expand_doc_bib_avail.  |h N  |k 1 
999 |a From the UDN01 
AVA |a UDN50  |b LSK  |d 670.425 NG-T  |e available  |t Error 5001 Not defined in file expand_doc_bib_avail.  |f 33  |g 0  |h N  |i 0  |k 1 
TYP |a Monograph 
TYP |a Printed language 
980 |a Mạng thư viện Đại học Đà Nẵng